000 00492nam a22002057a 4500
003 koha_MIRAKIL
005 20231213100003.0
008 231213b |||||||| |||| 00| 0 ||| d
020 _b978-9-75403684-8
040 _aTR-IsEVY
_btur
_cTR-IsEVY
082 _a508 CLA/B
100 _aClarke, Philip.
245 0 _aBilimin gizemleri ve harikaları
250 _a2. bs.
260 _bTÜBİTAK,
_c2013
300 _a97 s.
650 _aBilim.
650 _aScience.
942 _2ddc
_cBK
999 _c12682
_d12682